The wonderful O. /

Bibliographic Details
Main Author: Thurber, James, 1894-1961
Format: Book
Language:English
Published: New York : Simon and Schuster, [1957]

MARC

Tag First Indicator Second Indicator Subfields
LEADER 00000cam a2200000 4500
001 in00000035972
005 20151007063557.0
008 720505s1957 nyua j 00001 eng u
010 |a  57007942  
035 |a (OCoLC)00302217 
035 |9 AAD7725AM 
040 |c WSU  |d OCL  |d TXA  |d UtOrBLW 
049 |a TXAM  |c [280676] 
050 0 |a PZ7.T422  |b Wo 
090 |a PS3539.H94  |b W65 1957 
092 |a 813  |b T536wo 
100 1 |a Thurber, James,  |d 1894-1961. 
245 1 4 |a The wonderful O. /  |c by James Thurber ; illustrated by Marc Simont. 
264 1 |a New York :  |b Simon and Schuster,  |c [1957] 
264 4 |c ©1957 
300 |a 72 pages :  |b illustrations ;  |c 22 cm. 
336 |a text  |b txt  |2 rdacontent 
337 |a unmediated  |b n  |2 rdamedia 
338 |a volume  |b nc  |2 rdacarrier 
536 |a Cushing Library/Science Fiction copy is a gift of Bob Brittingham for the Science Fiction and Fantasy Research Collection. 
999 |a MARS 
999 f f |s 9fc126d3-6f89-3bc3-9de6-75158735fd6d  |i 5943de07-6c77-35c2-8cd5-3d12c68eee56  |t 0 
952 f f |p normal  |a Texas A&M University  |b College Station  |c Sterling C. Evans Library  |s Evans stk  |d Evans: Library Stacks  |t 0  |e PS3539.H94 W65 1957  |h Library of Congress classification  |i unmediated -- volume  |m A14801253051 
998 f f |a PS3539.H94 W65 1957  |t 0  |l Evans: Library Stacks